Examen directo de testigos

Đã lưu trong:
Chi tiết về thư mục
Tác giả chính: Rua, Gonzalo (Tác giả)
Định dạng: Sách
Ngôn ngữ:Tiếng Tây Ban Nha
Được phát hành: Buenos Aires Ediciones Didot 2015
Phiên bản:1a. ed
Loạt:Colección Litigación y Enjuiciamiento Penal Adversarial
Những chủ đề:
Các nhãn: Thêm thẻ
Không có thẻ, Là người đầu tiên thẻ bản ghi này!

MARC

LEADER 00000cam a2200000 a 4500
001 UCE9770
003 CL-VaPUC
008 151106e20150000ag |||||||||||||||||spa|d
020 |a 9789873620140 
082 0 4 |a 345  |b RUA  |2 21 
100 0 |a Rua, Gonzalo  |e author  |9 582697 
245 1 0 |a Examen directo de testigos 
250 |a 1a. ed 
300 |a 222 p 
942 |c BK 
945 |d 20151106 14:16:00  |a dcastane 
260 |a Buenos Aires  |b Ediciones Didot  |c 2015 
650 7 |a DERECHO PENAL  |2 CL-VaPUC  |9 11 
650 7 |a TESTIGOS  |2 CL-VaPUC  |9 582698 
583 |a last modification  |c 20151106 14:16:00  |k Rodrigo Vera 
490 0 |a Colección Litigación y Enjuiciamiento Penal Adversarial 
999 |c 361415  |d 361413 
952 |0 0  |1 0  |3 erb  |4 0  |6 345_000000000000000_RUA_2015  |7 0  |8 A  |9 471926  |a BIBDER  |b BIBDER  |i 5247276  |l 3  |o 345 RUA 2015  |p 5247276  |r 2024-10-29  |s 2024-10-29  |w 2019-11-24  |y BK  |z Catalogado en:20151106  |k DER